| 000 | 01632cam a2200421 a 4500 | ||
|---|---|---|---|
| 999 |
_c1206 _d1206 |
||
| 001 | 15353953 | ||
| 003 | GZU | ||
| 005 | 20200930113703.0 | ||
| 008 | 080703s2009 enk b 001 0 eng | ||
| 010 | _a 2008932496 | ||
| 015 |
_aGBA8C8715 _2bnb |
||
| 016 | 7 |
_a014799846 _2Uk |
|
| 020 | _a1412928869 (hbk.) | ||
| 020 | _a9781412928861 (hbk.) | ||
| 020 | _a1412928877 (pbk.) | ||
| 020 | _a9781412928878 (pbk.) | ||
| 035 | _a(OCoLC)ocn271772973 | ||
| 040 |
_aUKM _cUKM _dBTCTA _dYDXCP _dBWKUK _dBWK _dOCLCQ _dNLGGC _dOCLCQ _dSINIE _dCDX _dIAY _dDLC |
||
| 042 | _alccopycat | ||
| 050 | 0 | 0 |
_aH62 _bMAC 2009 |
| 082 | 0 | 4 |
_a303.4072 _222 |
| 084 |
_a71.41 _2bcl |
||
| 100 | 1 |
_aMcLeod, Julie, _d1958- |
|
| 245 | 1 | 0 |
_aResearching social change : _bqualitative approaches / _cJulie McLeod and Rachel Thomson. |
| 260 |
_aLondon ; _aThousand Oaks, Calif. : _bSAGE, _c2009. |
||
| 300 |
_a189 p. ; _c25 cm. |
||
| 504 | _aIncludes bibliographical references (p. [170]-182) and index. | ||
| 505 | 0 | _aIntroduction: researching change and continuity -- Memory-work -- Oral and life history -- Qualitative longitudinal research -- Ethnography -- Generation -- Revisiting -- Time, emotions and research practice -- Conclusion. | |
| 650 | 0 |
_aSocial change _xResearch. |
|
| 650 | 0 |
_aSocial change _xResearch _xMethodology. |
|
| 650 | 1 | 7 |
_aKwalitatieve methoden _2gtt |
| 650 | 1 | 7 |
_aSociale verandering. _2gtt |
| 650 | 1 | 7 |
_aOnderzoeksmethoden. _2gtt |
| 700 | 1 | _aThomson, Rachel. | |
| 906 |
_a7 _bcbc _ccopycat _d2 _encip _f20 _gy-gencatlg |
||
| 942 |
_2lcc _cBK _h62 _iMAC _kH |
||